000 01693nam a2200229 a 4500
003 SpMaBN
005 20260526193201.0
008 120509s2025 ag | |||| 000 f spa
020 _a9786316691606
040 _aSpMaBN
_cSpMaBN
_erdc
041 1 _aspa
_hjpn
082 0 _a895.636
_bK223.E 2025
100 1 _aKawakami, Mieko,
_d1976-
_91677
240 1 0 _aSubete mayonaka no koibitotachi.
_lEspañol
245 1 4 _aLos amantes de la noche /
_cMieko Kawakami; traducción del japonés por Lourdes Porta.
250 _a1a ed.
260 _aBuenos Aires :
_bSeix Barral,
_c2025.
520 _aFuyuko Irie es una correctora freelance de treinta y cuatro años. Vive sola y no tiene contacto con nadie, excepto con su editora, Hijiri. Su reflejo le devuelve la imagen de una mujer que no ha tomado las riendas de su vida. Su única fuente de consuelo es la luz: cada Nochebuena, Fuyuko sale a observar las luces que llenan la noche de Tokio. Pero es el encuentro fortuito con un hombre llamado Mitsutsuka lo que despierta algo nuevo en ella; un cambio que, sin embargo, hace aflorar dolorosos recuerdos y puede desestabilizarla aún más. Los amantes de la noche es una puerta abierta al peculiar universo de Mieko Kawakami y una radiografía tan delicada como perspicaz del mundo laboral que indaga en la complejidad de las relaciones humanas a través de la historia de una mujer que no sabe construirlas. Una novela valiente que aborda temas como la realización personal, la soledad o la presión patriarcal, pero que también conmueve e inspira al lector al invocar y desafiar todos los prejuicios.
650 7 _aNarrativa japonesa
_2LOCAL
_91368
655 0 _aNovela
_91469
942 _2ddc
_cLIBRO
999 _c939
_d939